มุมมองปกติ
มุมมองแบบ MARC
- พัค, ซังอิน.
รายการ Personal Name
001 - CONTROL NUMBER
- control field: 67166
003 - CONTROL NUMBER IDENTIFIER
- control field: NALT
005 - DATE AND TIME OF LATEST TRANSACTION
- control field: 20251223105838.0
008 - FIXED-LENGTH DATA ELEMENTS
- fixed length control field: 251223|| aca||aabn | a|a d
040 ## - CATALOGING SOURCE
- Original cataloging agency: NALT
100 1# - HEADING--PERSONAL NAME
- Personal name: พัค, ซังอิน.
